000 00607nam a22002297a 4500
003 UA-OsUOA
001 90919
007 ta
008 20121120b un ||||| |||| 00| 0 ukr d
100 _aПлахтін І.
090 _a821.161.2
_bП37
942 _cBK
040 _aUA-OsUOA
_bukr
_cUA-OsUOA
_dUA-OsUOA
245 _aЛіта-дороги
_bспогади
300 _a368 с.
955 _a3
041 _aukr
080 _a821.161.2
260 _aСімферополь
_bТаврія
_c1982
650 7 _a82 Література. Літературознавство
_2UDC
999 _c377206
_d377206